Comparable evidence in residential property valuations (Record no. 84612)

MARC details
000 -LEADER
fixed length control field 01344cab a22002295a 4500
001 - CONTROL NUMBER
control field L158505
008 - FIXED-LENGTH DATA ELEMENTS--GENERAL INFORMATION
fixed length control field 150330e2015 xxk 000 0 eng d
035 ## - SYSTEM CONTROL NUMBER
System control number (Sirsi) u158505
041 0# - LANGUAGE CODE
Language code of text/sound track or separate title eng
100 1# - MAIN ENTRY--PERSONAL NAME
Personal name Santo, Philip
245 00 - TITLE STATEMENT
Title Comparable evidence in residential property valuations
260 ## - PUBLICATION, DISTRIBUTION, ETC.
Date of publication, distribution, etc. 2015
490 ## - SERIES STATEMENT
Series statement Journal of Building Survey, Appraisal & Valuation
Volume/sequential designation 3(4) Winter 2014-15, 295-303(9)
520 ## - SUMMARY, ETC.
Summary, etc. Reviews the process of selecting and applying comparable evidence with particular emphasis on the need for structured analysis and recording when carrying out residential valuations. RICS Information Paper "Comparable evidence in property valuation" 2011 defines a comparable as an item used in the valuation process as evidence in support of a valuation of a different item of the same general type. Identifies sources of comparable evidence including Land Registry Rightmove and Nationwide. Considers factors such as the importance of weighting and ranking the hierachy of evidence. Stresses the importance of recording and analysing comparable evidence and keeping accurance records on file.
590 ## - LOCAL NOTE (RLIN)
Local note KA
650 24 - SUBJECT ADDED ENTRY--TOPICAL TERM
Topical term or geographic name entry element COMPARABLE EVIDENCE IN PROPERTY VALUATION
650 24 - SUBJECT ADDED ENTRY--TOPICAL TERM
Topical term or geographic name entry element COMPARABLES
651 ## - SUBJECT ADDED ENTRY--GEOGRAPHIC NAME
Geographic name United Kingdom
Chronological subdivision
690 ## - LOCAL SUBJECT ADDED ENTRY--TOPICAL TERM (OCLC, RLIN)
Topical term or geographic name as entry element Valuation
9 (RLIN) 6273
690 ## - LOCAL SUBJECT ADDED ENTRY--TOPICAL TERM (OCLC, RLIN)
Topical term or geographic name as entry element Residential property
9 (RLIN) 6266
942 ## - ADDED ENTRY ELEMENTS (KOHA)
Suppress in OPAC 0
Holdings
Withdrawn status Lost status Source of classification or shelving scheme Damaged status Not for loan Home library Current library Shelving location Date acquired Total Checkouts Full call number Barcode Date last seen Copy number Price effective from Koha item type
    Dewey Decimal Classification     London London Journal article 30/03/2015   L158505 158505-1001 06/08/2019 1 06/08/2019 Journal article